Datum a čas kvízu
26
Celkem bodů
Celkový počet nahraných bodů na tomto kvízu bez doplňovacích otázek.
8.
Pořadí na kvízu
Konečné umístění týmu na tomto kvízu.
Zaznamenané odpovědi
| # | Otázka | Odpověď | Body | Výsledky |
|---|---|---|---|---|
| 1. | Andrej Babiš byl dle očekávání... | jeden | 0 | |
| 2. | Po skandálu s udělením milosti... | Maďarsko | 0 | |
| 3. | Jak se nazývá kapela, kterou p... | 4TET | 1 | |
| 4. | Která automobilka získala s je... | Mercedes | 0 | |
| 5. | Jako soupeři české reprezentac... | Gruzie | 0 | |
| 6. | Vítězné téma facebookového hla... | 1D 2C 3B 4A | 0 | |
| 7. | Dne 18. dubna 1997 byli odsouz... | Orličtí vrazi | 1 | |
| 8. | Říká vám něco jméno herečky Šá... | Irenka (Irena) | 1 | |
| 9. | V roce 1994 vyšel první díl he... | Tekken | 1 | |
| 10. | Ke které obci se v souvislosti... | Drnovice | 0 |